Attaining manufacturing excellence : just-in-time, total quality, total people involvement
Na minha lista:
| Autor principal: | |
|---|---|
| Formato: | Livro |
| Idioma: | Undetermined |
| Publicado em: |
Homewood, Ill.
Dow Jones-Irwin
1987
|
| Assuntos: | |
| Tags: |
Adicionar Tag
Sem tags, seja o primeiro a adicionar uma tag!
|
| Thư viện lưu trữ: | Trung tâm Học liệu Trường Đại học Cần Thơ |
|---|
| LEADER | 00597nam a2200193Ia 4500 | ||
|---|---|---|---|
| 001 | CTU_95167 | ||
| 008 | 210402s9999 xx 000 0 und d | ||
| 082 | |a 658.5 | ||
| 082 | |b H174 | ||
| 100 | |a Hall, Robert W. | ||
| 245 | 0 | |a Attaining manufacturing excellence : | |
| 245 | 0 | |b just-in-time, total quality, total people involvement | |
| 245 | 0 | |c Robert W. Hall. | |
| 260 | |a Homewood, Ill. | ||
| 260 | |b Dow Jones-Irwin | ||
| 260 | |c 1987 | ||
| 650 | |a Production control.,Inventory control.,Just-in-time systems. | ||
| 904 | |i Năm | ||
| 980 | |a Trung tâm Học liệu Trường Đại học Cần Thơ | ||